Geography Quiz

Random Geography or State Quiz

Find the Two-Word States Quiz Stats

 Plays Quiz Updated Jun 18, 2016

Score 0/10 Timer 00:30
7 Plays Today
% Correct
North Dakota
93.1%
South Dakota
92.5%
North Carolina
91.9%
South Carolina
90.8%
New York
87.9%
New Mexico
84.3%
New Hampshire
78.4%
West Virginia
78%
New Jersey
77.7%
Rhode Island
59.2%

You're not logged in!

Compare scores with friends on all Sporcle quizzes.
Join for Free
OR
Log In

You Might Also Like...

Show Comments

Extras

Top Quizzes Today


Score Distribution

Your Account Isn't Verified!

In order to create a playlist on Sporcle, you need to verify the email address you used during registration. Go to your Sporcle Settings to finish the process.

Report this User

Report this user for behavior that violates our Community Guidelines.

Details: